Aerial photographic interpretation: (Record no. 549498)
[ view plain ]
| 000 -LEADER | |
|---|---|
| fixed length control field | 00453cam a2200157u 4500 |
| 082 ## - DEWEY DECIMAL CLASSIFICATION NUMBER | |
| Classification number | 778.35 |
| Author Mark | LUE |
| -- | L-13. P-05 |
| 100 1# - MAIN ENTRY--PERSONAL NAME | |
| Personal name | Lueder, Donald R. |
| 9 (RLIN) | 46154 |
| 245 10 - TITLE STATEMENT | |
| Title | Aerial photographic interpretation: |
| 260 ## - PUBLICATION, DISTRIBUTION, ETC. | |
| Place of publication, distribution, etc. | New York, |
| Name of publisher, distributor, etc. | McGraw-Hill, |
| Date of publication, distribution, etc. | 1959. |
| 300 ## - PHYSICAL DESCRIPTION | |
| Extent | p. cm. |
| Other physical details | ill. |
| Dimensions | 25cm |
| 526 ## - STUDY PROGRAM INFORMATION NOTE | |
| Program name | 0 |
| Interest level | 0 |
| Reading level | 0 |
| Title point value | 778_350000000000000_LUE |
| 650 #0 - SUBJECT ADDED ENTRY--TOPICAL TERM | |
| Topical term or geographic name entry element | Aerial photography. |
| 9 (RLIN) | 20851 |
| 650 #0 - SUBJECT ADDED ENTRY--TOPICAL TERM | |
| Topical term or geographic name entry element | MCE |
| 9 (RLIN) | 379 |
| 650 #0 - SUBJECT ADDED ENTRY--TOPICAL TERM | |
| Topical term or geographic name entry element | Photographic surveying. |
| 942 ## - ADDED ENTRY ELEMENTS (KOHA) | |
| Source of classification or shelving scheme | |
| Koha item type | Book |
| Withdrawn status | Lost status | Source of classification or shelving scheme | Damaged status | Not for loan | Permanent Location | Current Location | Date acquired | Total Checkouts | Full call number | Barcode | Date last seen | Date last checked out | Price effective from | Koha item type |
|---|---|---|---|---|---|---|---|---|---|---|---|---|---|---|
| Military College of Engineering (MCE) | Military College of Engineering (MCE) | 09/25/2014 | 1 | 778.35 LUE | MCE-3626 | 10/13/2014 | 10/13/2014 | 09/25/2014 | Book |
